[Event "Africa zt 4.2"]
[Site "Dar es Salaam"]
[Date "2016.04.24"]
[Round "2"]
[White "Abdelazeez, Mohamed Abdalla"]
[Black "Vasanth, Ramesh"]
[Result "1/2-1/2"]
[WhiteElo "2182"]
[BlackElo "1842"]
[PlyCount "131"]
[EventDate "2016.04.23"]
[EventType "swiss"]
[EventRounds "9"]
[EventCountry "TAN"]
[SourceTitle "EXT 2017"]
[Source "ChessBase"]
[SourceDate "2016.10.25"]
[SourceVersion "1"]
[SourceVersionDate "2016.10.25"]
[SourceQuality "1"]

1. d4 d5 2. c4 e6 3. Nc3 Nf6 4. cxd5 exd5 5. Bg5 c6 6. e3 h6 7. Bxf6 Qxf6 8. Bd3 Bb4 9. Nge2 Nd7 10. Rc1 0-0 11. 0-0 Re8 12. Qb3 Ba5 13. e4 Bxc3 14. Nxc3 Qxd4 15. Ne2 Qb6 16. exd5 Qxb3 17. axb3 Ne5 18. Be4 f5 19. Bc2 cxd5 20. Nd4 Nc6 21. Nb5 Re7 22. Nd6 Be6 23. Rfe1 Rd8 24. Nxf5 Bxf5 25. Bxf5 Rxe1+ 26. Rxe1 Nd4 27. Bg6 Kf8 28. Re3 Rc8 29. h4 Nc6 30. Rf3+ Ke7 31. Rf7+ Ke6 32. Rxb7 Ne5 33. Bh5 g6 34. Be2 Rc1+ 35. Kh2 Rc2 36. Ba6 Rxf2 37. b4 Rxb2 38. Kg3 d4 39. Kf4 g5+ 40. hxg5 hxg5+ 41. Ke4 Rxg2 42. Kxd4 Kd6 43. Bb5 Nc6+ 44. Bxc6 Kxc6 45. Rxa7 Rg4+ 46. Kc3 Kb6 47. Ra8 Kc6 48. Kb3 Rg1 49. Rc8+ Kb6 50. Rb8+ Kc7 51. Rg8 Kb6 52. Kc4 Rg4+ 53. Kc3 Rg3+ 54. Kc4 Rg4+ 55. Kb3 Rg3+ 56. Ka4 Rg1 57. Rg6+ Kb7 58. Kb5 g4 59. Rg7+ Kc8 60. Kc6 Rc1+ 61. Kd6 Rd1+ 62. Kc6 Rc1+ 63. Kd6 Rd1+ 64. Ke5 Rc1 65. Kf4 Rb1 66. Rxg4 1/2-1/2